000 00709nam a2200289Ia 4500
005 20260324125241.0
008 008 260324s9999 xx 000 0 eng d
020 _a9780203890950
037 _aEBOOK
040 _aCRL
040 _beng
040 _cCRL
041 _2eng
041 _aeng
084 _qCRL
100 _aLinda A. Spears-Bunton; Rebecca Powell
_91177264
245 0 _aToward a Literacy of Promise
245 0 _bJoining the African American Struggle
260 _bTaylor and Francis
260 _c2009
365 _a
365 _b290
856 _uhttp://www.taylorfrancis.com/books/9780203890950
942 _cEBOOK
999 _c1772351
_d1772351